000 00728nam a2200253 a 4500
008
020 _a0070268401 (pbk.)
049 _aMAIN
090 _aHG221
100 1 _aHarris, Laurence.
245 1 0 _aMonetary theory /
_cLaurence Harris.
260 _aNew York :
_bMcGraw-Hill,
_cc1981.
300 _axiii, 481 p. ;
_c24 cm.
440 1 _aEconomics handbook series.
504 _aIncludes bibliographical references.
500 _aIncludes index.
650 0 _aMoney.
830 0 _aEconomics handbook series (McGraw-Hill Book Company)
907 _a.b10060236
_b01-06-04
_c17-04-03
003
005 20230123133654.0
040 _cNUST
942 _cBOOKS
_kHG221
999 _c152620
_d152620